Datum a čas kvízu
27.5
Celkem bodů
Celkový počet nahraných bodů na tomto kvízu bez doplňovacích otázek.
9.
Pořadí na kvízu
Konečné umístění týmu na tomto kvízu.
Zaznamenané odpovědi
| # | Otázka | Odpověď | Body | Výsledky |
|---|---|---|---|---|
| 1. | Jak se jmenuje bývalý vrcholný... | Jan Hamáček | 0 | |
| 2. | Který stát minulý týden jako p... | Řecko | 1 | |
| 3. | Minulý týden v úterý oslavil p... | Robbie Williams | 1 | |
| 4. | Nejstarší hračkářství na světě... | Hamleys | 1 | |
| 5. | Pražská Sparta si z úvodního z... | 3:2 | 1 | |
| 6. | Obec s nejdelším názvem v Česk... | A | 1 | |
| 7. | Česká republika se dělí na 14... | Karlovy Vary, Jihlava | 0.5 | |
| 8. | Nejníže položené sídlo v České... | Hřensko | 1 | |
| 9. | V této otázce bude potřeba k z... | 1D 2C 3A 4B | 1 | |
| 10. | V České republice jsou čtyři ú... | NP Šumava | 1 |